Color atlas and synopsis of cardiovascular MR and CT / (رقم التسجيلة. 39634)

تفاصيل مارك
000 -الفاتح
حقل البيانات ثابتة الطول 01972cam a2200289 a 4500
003 - محدد رقم الضبط
رقم الضبط OSt
005 - وقت وتاريخ اخر تعامل مع التسجيلة
رقم الضبط 20160724092516.0
008 - عناصر البيانات ثابتة الطول - معلومات عامة
حقل البيانات ثابتة الطول 130419s2014 nyua b 001 0 eng
020 ## - الرقم الدولى المعيارى للكتب
الرقم الدولى المعيارى للكتاب 9780071747349 (hardcover : alk. paper)
020 ## - الرقم الدولى المعيارى للكتب
الرقم الدولى المعيارى للكتاب 0071747346
029 1# - (OCLC)
OCLC library identifier NLM
System control number 101606509
040 ## - مصدر الفهرسة
وكالة الفهرسة الأصلية MA-UN
لغة الفهرسة eng
082 00 - رقم تصنيف ديوى العشرى
رقم التصنيف 616.107572
رقم الطبعة 23
رقم المادة COA
245 00 - بيان العنوان
العنوان Color atlas and synopsis of cardiovascular MR and CT /
بيان المسئوليه,etc editor, Subha V. Raman ; series editor, William T. Abraham.
250 ## - بيان الطبعة
بيان الطبعة ط. 1.
260 ## - PUBLICATION, DISTRIBUTION, ETC. (IMPRINT)
مكان الناشر او الموزع New York :
اسم الناشر او الموزع McGraw-Hill Education/Medical,
تاريخ النشر أو التوزيع c2014.
300 ## - الوصف المادى
التعداد ix, 253 p. :
تفاصيل ماديه اخرى للوعاء col. ill. ;
أبعاد الوعاء 29 cm. +
المادة المصاحبة 1 DVD (4 3/4 in.)
504 ## - تبصرة ببليوجرافية
تبصرة ببليوجرافية,الخ Includes bibliographical references and index.
505 0# - تبصرة محتويات-الفهرس
تبصرة المحتويات المصاغة The fundamentals of cardiovascular magnetic resonance / Orlando Paul Simonetti, Georgeta Mihai -- Basics of coronary and cardiovascular computed tomography / James K. Min, Rine Nakanishi, Troy Labounty -- Ischemic myocardial disease / Paul Chacko, Subha V. Raman -- Coronary artery disease / J. Ronald Mikolich -- Acquired nonischemic myocardial disease / Jennifer A. Dickerson -- Genetic myocardial disease / Jennifer A. Dickerson -- Cardiovascular magnetic resonance in valvular heart disease / Kamran Shaikh, Dipan J. Shah -- Semilunar valves / Venkateshwar Polsani, Kamran Shaikh, Dipan J. Shah -- The aorta / Mark Rabbat, Mushabbar A. Syed -- Congenital heart disease / Kan N. Hor -- Cardiac masses / Danielle Nicolo ... [et al.] -- Pericardial disease / Julie O'Brien, Amr M. Ajlan, Jonathon Leipsic -- Pulmonary hypertension / Abdul Rahman Wattar, Ashish Aneja.
650 #0 - المدخل الاضافى بالموضوع-مصطلح موضوعى
مصطلح موضوعي أو اسم جغرافي كعنصر مدخل Cardiovascular system
التقسيم الفرعي العام Magnetic resonance imaging
التقسيم الفرعي الشكلي Atlases.
9 (RLIN) 56091
650 #0 - المدخل الاضافى بالموضوع-مصطلح موضوعى
مصطلح موضوعي أو اسم جغرافي كعنصر مدخل Cardiovascular system
التقسيم الفرعي العام Tomography
التقسيم الفرعي الشكلي Atlases.
9 (RLIN) 56092
650 12 - المدخل الاضافى بالموضوع-مصطلح موضوعى
مصطلح موضوعي أو اسم جغرافي كعنصر مدخل Cardiovascular Diseases
التقسيم الفرعي العام radiography.
9 (RLIN) 11122
650 22 - المدخل الاضافى بالموضوع-مصطلح موضوعى
مصطلح موضوعي أو اسم جغرافي كعنصر مدخل Magnetic Resonance Imaging
التقسيم الفرعي العام methods.
9 (RLIN) 56093
650 22 - المدخل الاضافى بالموضوع-مصطلح موضوعى
مصطلح موضوعي أو اسم جغرافي كعنصر مدخل Tomography, X-Ray Computed
التقسيم الفرعي العام methods.
9 (RLIN) 11141
700 1# - المدخل الاضافى - اسم شخصى
الإسم الشخصى Raman, Subha V.,
الدور editor.
9 (RLIN) 56094
942 ## - عناصر المدخل الإضافي( كوها)
Koha [default] item type كتاب
المقتنيات
حالة الفقد نموذج السعر الفعال حالة تلف ليس للاعارة رقم الطلب تاريخ الاكتساب الموقع الحالي الباركود الفرع الرئيسي Date last seen نوع المادة فى نظام كوها مصدر التصنيف او خطة الترفيف Total Checkouts
  2016-07-24     616.107572 COA 2016-07-24 المكتبة المركزية بالمجمعة (CL) 00502047 المكتبة المركزية بالمجمعة (CL) 2016-07-24 كتاب Dewey Decimal Classification  
  2016-07-24     616.107572 COA 2016-07-24 المكتبة المركزية بالمجمعة (CL) 00502048 المكتبة المركزية بالمجمعة (CL) 2016-07-24 كتاب Dewey Decimal Classification  
  2016-07-24     616.107572 COA 2016-07-24 المكتبة المركزية بالمجمعة (CL) 00502049 المكتبة المركزية بالمجمعة (CL) 2016-07-24 كتاب Dewey Decimal Classification